000 00603nam a22001937a 4500
005 20170721115245.0
010 _aENG-119370
020 _a9789350020036
_c295.00
035 _aEN-102902
037 _bDBAD/PUB
082 _a335.423
100 _aShanin, Teodor
245 _aLate marx and the russians road ;
_bMarx and 'The peripheries of capitalism' /
_cby Teodor Shanin
260 _aDelhi
_bAakar Books
_c2010
270 _a28 E Pocket IV, Mayur Vihar Phase I
_bDelhi
_e110091
300 _ax,286p.
_c22cm. (pbk)
500 _aInclude index
942 _2ddc
_cEN
_h335.423
_mSHA
999 _c142760
_d142760